Sports Quiz

Random Sports or NBA Quiz

Andrew Bogut Teams Quiz Stats

 Plays Quiz not verified by Sporcle

Support Sporcle.
Go Orange.
Score 0/6 Timer 01:00
0 Plays Today
% Correct
Milwaukee Bucks
97.6%
Golden State Warriors
95.2%
Golden State Warriors
95.2%
Cleveland Cavaliers
92.9%
Los Angeles Lakers
83.3%
Dallas Mavericks
70.2%

You're not logged in!

Compare scores with friends on all Sporcle quizzes.
OR
Log In

From the Vault

Click the Simple Machines

by mhershfield

It doesn't get more simple than this.
Remove Ads.
Support Sporcle.
Get the best of Sporcle when you Go Orange. This ad-free experience offers more features, more stats, and more fun while also helping to support Sporcle. Thank you for becoming a member.

Show Comments

Extras

Top Quizzes Today


Score Distribution

Your Account Isn't Verified!

In order to create a playlist on Sporcle, you need to verify the email address you used during registration. Go to your Sporcle Settings to finish the process.

Report this User

Report this user for behavior that violates our Community Guidelines.

Details: